000 01223cam a2200349 a 4500
001 15999908
003 OSt
005 20210914154109.0
008 091127s2010 gw a f b 001 0 eng
010 _a 2009942252
020 _a9783642106682
038 _akhadija
040 _aDLC
_cDLC
_dDLC
042 _apcc
050 0 0 _aTA347.N46
_bD38 2010
082 _a511.35
_bDAV
100 1 _aDavid, René,
_d1939-
_982462
245 1 0 _aDiscrete, continuous, and hybrid Petri Nets /
_cRené David and Hassane Alla.
250 _a2nd ed.
260 _aBerlin :
_bSpringer,
_cc2010.
300 _axxii, 550 p. :
_bill. ;
_c25 cm.
504 _aIncludes bibliographical references (p. [525]-540) and index.
563 _ahardcover
650 0 _aPetri nets.
_982463
700 1 _aAlla, H.
_q(Hassane)
_982464
856 4 1 _3Table of contents only
_uhttp://www.loc.gov/catdir/enhancements/fy1315/2009942252-t.html
856 4 2 _3Publisher description
_uhttp://www.loc.gov/catdir/enhancements/fy1315/2009942252-d.html
906 _a7
_bcbc
_corigcop
_d2
_eepcn
_f20
_gy-gencatlg
942 _2ddc
_cBK
999 _c33155
_d33155